Účtovanie zmeniek v podnikateľských subjektoch

Zmenky ako významný úverový a platobný prostriedok (v podnikoch a bankách) s mnohonásobným ručením. Päť osobitných účtov na účtovné zobrazenie finančných vzťahov vyplývajúcich zo zmenkových operácií zaradených do účtovnej osnovy pre podnikateľov. Na schémach naznačené účtovanie tých účtovných operác...

Ausführliche Beschreibung

Gespeichert in:
Bibliographische Detailangaben
1. Verfasser: Peter, O.
Format: Buchkapitel
Sprache:Slowakisch
Schlagworte:
Tags: Tag hinzufügen
Keine Tags, Fügen Sie das erste Tag hinzu!

MARC

LEADER 00000naa a2200000 4500
001 r000259
005 20221205091509.8
041 0 |a slo 
044 |a SK 
245 1 0 |a Účtovanie zmeniek v podnikateľských subjektoch  |c O. Peter 
520 |a Zmenky ako významný úverový a platobný prostriedok (v podnikoch a bankách) s mnohonásobným ručením. Päť osobitných účtov na účtovné zobrazenie finančných vzťahov vyplývajúcich zo zmenkových operácií zaradených do účtovnej osnovy pre podnikateľov. Na schémach naznačené účtovanie tých účtovných operácií, ktoré vyplývajú z používania zmeniek. 
610 2 0 |a zmenky 
610 2 0 |a účty 
610 2 0 |a účtovníctvo 
610 2 0 |a osnova účtová 
100 1 |a Peter, O.